000 00394nam a2200133Ia 4500
003 GCL
008 140319s9999 xx 000 0 ara d
040 _aGCL /
_cGCL
082 0 4 _aق
_b370.62
_bح ت
100 1 _aخطاب عطية على
245 1 0 _aالتعليم فى مصر فى العصر الفاطمى الاول /
_cخطاب عطية على
300 _a238 ص
490 _a100 قصة
_v0
999 _c43335
_d43335